000 00589nam a2200181Ia 4500
005 20250423100100.0
008 250422s9999 xx 000 0 und d
020 _a0465043763
050 _aLB 2805 .T9/
100 _aTyack, David B.
245 0 _aManagers of virtue : public school leadership in America, 1820-1980
260 _aNew York
260 _bBasic Books
260 _c1982
300 _a312 p
650 _aSchool management and organization --United States --History. Educational sociology --United States --History. Leadership --United States --History.
942 _cBK
999 _c32233
_d32233